[Event "FAI-chT 1617"]
[White "Nielsen, Hogni Egilstoft"]
[Black "Nolsoe, Eydun"]
[Site "Faroe Islands"]
[Round "4.2"]
[Result "1-0"]
[Date "2017.01.15"]
[WhiteElo "2270"]
[BlackElo "2193"]
[PlyCount "97"]
[EventDate "2016.10.23"]
[EventType "team-tourn"]
[EventRounds "10"]
[EventCountry "FAI"]
[SourceTitle "EXT 2020"]
[Source "ChessBase"]
[SourceDate "2019.10.17"]
[SourceVersion "1"]
[SourceVersionDate "2019.10.17"]
[SourceQuality "1"]
[WhiteTeam "Sandavagur"]
[BlackTeam "Klaksvik"]
[WhiteTeamCountry "FAI"]
[BlackTeamCountry "FAI"]

1. e4 c5 2. Nf3 d6 3. Bb5+ Bd7 4. Bxd7+ Qxd7 5. c4 Nc6 6. d4 cxd4 7. Nxd4 Nf6 8. Nc3 e6 9. 0-0 Be7 10. Be3 0-0 11. Qe2 Rac8 12. Rfd1 Nxd4 13. Bxd4 Qc6 14. b3 a6 15. f3 Rfd8 16. Rac1 b6 17. a4 Nd7 18. Qf2 Nc5 19. Rb1 Qc7 20. Qg3 Bf8 21. h4 Qe7 22. Be3 Qf6 23. Ne2 h6 24. Bd4 Qe7 25. h5 Kh7 26. Nc3 Qg5 27. Qxg5 hxg5 28. Kf2 Kg8 29. Ke2 f6 30. Be3 Kf7 31. Rd2 Be7 32. Ra2 Rh8 33. a5 bxa5 34. Rxa5 Bd8 35. Ra3 Rc6 36. b4 Nd7 37. b5 axb5 38. cxb5 Rc8 39. b6 Nc5 40. Ra7+ Be7 41. e5 fxe5 42. Bxg5 Rhe8 43. Nb5 Rc6 44. Bxe7 Rxe7 45. Rxe7+ Kxe7 46. Na7 Kd7 47. Nxc6 Kxc6 48. g4 d5 49. g5 1-0

[Event "FAI-ch"]
[White "Nolsoe, Eydun"]
[Black "Poulsen, Martin"]
[Site "Hoyvik"]
[Round "6"]
[Result "1/2-1/2"]
[Date "2015.04.01"]
[WhiteElo "2194"]
[BlackElo "2274"]
[PlyCount "107"]
[EventDate "2015.03.28"]
[EventType "tourn"]
[EventRounds "9"]
[EventCountry "FAI"]
[SourceTitle "CBM 165 Extra"]
[Source "ChessBase"]
[SourceDate "2015.04.21"]
[SourceVersion "1"]
[SourceVersionDate "2015.04.21"]
[SourceQuality "1"]

1. e4 e6 2. d4 d5 3. Nc3 dxe4 4. Nxe4 Bd7 5. Nf3 Bc6 6. Bd3 Nd7 7. 0-0 Ngf6 8. Neg5 Bxf3 9. Qxf3 c6 10. Re1 Be7 11. Qh3 Nf8 12. c3 Nd5 13. Ne4 Ng6 14. g3 Qd7 15. Ng5 Bxg5 16. Bxg5 Nde7 17. a4 h6 18. Bd2 0-0 19. Rad1 a5 20. Qg4 Nf5 21. h4 Nge7 22. Bc1 Nd5 23. Re5 Nf6 24. Qf3 Nd5 25. Rde1 Nd6 26. g4 Rae8 27. g5 f6 28. gxf6 Rxf6 29. Qg4 Nf5 30. Bxf5 Rxf5 31. Bxh6 Ref8 32. Rxf5 Rxf5 33. Rxe6 Rf7 34. Rg6 Qe7 35. Bd2 Nf6 36. Qg5 Qe2 37. Be3 Ne4 38. Qg2 Nf6 39. Qg5 Ne4 40. Qg2 Nf6 41. Bh6 Qe1+ 42. Qf1 Qe4 43. Qg2 Qe1+ 44. Qf1 Qxf1+ 45. Kxf1 Kh7 46. Rxf6 gxf6 47. Bf4 Kg6 48. Ke2 Kh5 49. Bg3 Kg4 50. c4 Rd7 51. Ke3 Re7+ 52. Kd3 Rd7 53. Ke3 Re7+ 54. Kd3 1/2-1/2

[Event "Torshavn Landsliosbolkur"]
[White "Nielsen, Hogni Egilstoft"]
[Black "Nolsoe, Eydun"]
[Site "Torshavn"]
[Round "2"]
[Result "0-1"]
[Date "2013.03.24"]
[WhiteElo "2052"]
[BlackElo "2197"]
[PlyCount "104"]
[EventDate "2013.03.23"]
[EventType "tourn"]
[EventRounds "9"]
[EventCountry "FAI"]
[SourceTitle "CBM 153 Extra"]
[Source "ChessBase"]
[SourceDate "2013.04.22"]
[SourceVersion "1"]
[SourceVersionDate "2013.04.22"]
[SourceQuality "1"]

1. e4 c5 2. c3 d5 3. exd5 Qxd5 4. d4 Nf6 5. Nf3 Bg4 6. Be2 e6 7. h3 Bh5 8. Be3 cxd4 9. cxd4 Nc6 10. Nc3 Qd6 11. 0-0 Be7 12. a3 Nd5 13. Rc1 0-0 14. Ne4 Qb8 15. Nc5 Rd8 16. Bb5 Ne5 17. Be2 Nxf3+ 18. Bxf3 Bxf3 19. Qxf3 Bxc5 20. Rxc5 b6 21. Rc4 Rc8 22. Qe2 Rxc4 23. Qxc4 Qc8 24. Rc1 Qxc4 25. Rxc4 a5 26. Kf1 f5 27. Ke2 Kf7 28. Kd3 Ke7 29. Bd2 Kd7 30. g3 Rg8 31. Rc1 g5 32. Rh1 h5 33. h4 g4 34. Rc1 Rf8 35. Bh6 Rf7 36. Ke2 f4 37. Rf1 Kd6 38. Bg5 e5 39. dxe5+ Kxe5 40. Re1 fxg3 41. Kd2+ Kd4 42. fxg3 Rf3 43. Rg1 a4 44. Bh6 b5 45. Bg7+ Kc5 46. Be5 Ne3 47. Ke2 Kd5 48. Bc3 Ke4 49. Be1 Nc4 50. Bc3 Nxa3 51. bxa3 Rxc3 52. Rb1 Rb3 0-1

[Event "FAI-chT 1213"]
[White "Samuelsen, Carl Eli Nolsoe"]
[Black "Nolsoe, Eydun"]
[Site "Faroe Islands"]
[Round "8.2"]
[Result "1-0"]
[Date "2013.02.17"]
[WhiteElo "2213"]
[BlackElo "2197"]
[PlyCount "61"]
[EventDate "2012.10.28"]
[EventType "team-tourn"]
[EventRounds "10"]
[EventCountry "FAI"]
[SourceTitle "EXT 2014"]
[Source "ChessBase"]
[SourceDate "2013.11.20"]
[SourceVersion "1"]
[SourceVersionDate "2013.11.20"]
[SourceQuality "1"]
[WhiteTeam "Sandavagur"]
[BlackTeam "Klaksvik"]
[WhiteTeamCountry "FAI"]
[BlackTeamCountry "FAI"]

1. e4 d6 2. d4 Nf6 3. Nc3 g6 4. g3 Bg7 5. Bg2 0-0 6. Nge2 Nbd7 7. h3 e5 8. Be3 c6 9. a4 Re8 10. 0-0 b6 11. Qd2 Bb7 12. Rad1 a6 13. dxe5 dxe5 14. g4 Re7 15. f4 Qc7 16. f5 Ne8 17. Ng3 b5 18. Qf2 b4 19. Nce2 c5 20. g5 f6 21. h4 Nd6 22. fxg6 hxg6 23. gxf6 Rf7 24. Bg5 Nxf6 25. Qe3 a5 26. Bh3 Re8 27. Bxf6 Rxf6 28. Rxf6 Bxf6 29. Qh6 Nf7 30. Qxg6+ Bg7 31. Nh5 1-0

[Event "FAI-ch"]
[White "Nolsoe, Eydun"]
[Black "Vang, Finnbjorn"]
[Site "Vestmanna"]
[Round "6"]
[Result "1-0"]
[Date "2011.04.20"]
[WhiteElo "2206"]
[BlackElo "2084"]
[PlyCount "83"]
[EventDate "2011.04.16"]
[EventType "tourn"]
[EventRounds "9"]
[EventCountry "FAI"]
[SourceTitle "CBM 142 Extra"]
[Source "ChessBase"]
[SourceDate "2011.06.27"]
[SourceVersion "1"]
[SourceVersionDate "2011.06.27"]
[SourceQuality "1"]

1. e4 e5 2. Nf3 Nf6 3. Nxe5 d6 4. Nf3 Nxe4 5. d4 Be7 6. c4 0-0 7. Bd3 d5 8. Nc3 Nxc3 9. bxc3 dxc4 10. Bxc4 c5 11. 0-0 Bg4 12. Be2 cxd4 13. cxd4 Nc6 14. Rb1 b6 15. Be3 Nb4 16. Ne5 Bf5 17. Rb2 Rc8 18. Bg4 Bxg4 19. Qxg4 f5 20. Qd1 f4 21. Bc1 Nd5 22. Rb3 Bd6 23. Qf3 Ne7 24. Bb2 Kh8 25. Re1 Bxe5 26. dxe5 Ng6 27. Qe4 Re8 28. e6 Qd2 29. h3 Rc2 30. Bd4 Rc1 31. Rxc1 Qxc1+ 32. Kh2 Qc8 33. Rc3 Qb8 34. Rc6 Qb7 35. Qc2 Qb8 36. Qc3 Qd8 37. Bxg7+ Kg8 38. Bh6 Re7 39. Rc8 Qxc8 40. Qxc8+ Re8 41. Qxe8+ Nf8 42. Qxf8# 1-0

[Event "FAI-ch"]
[White "Nolsoe, Eydun"]
[Black "Nielsen, Rogvi Egilstoft"]
[Site "Vestmanna"]
[Round "5"]
[Result "0-1"]
[Date "2011.04.19"]
[WhiteElo "2206"]
[BlackElo "2093"]
[PlyCount "154"]
[EventDate "2011.04.16"]
[EventType "tourn"]
[EventRounds "9"]
[EventCountry "FAI"]
[SourceTitle "CBM 142 Extra"]
[Source "ChessBase"]
[SourceDate "2011.06.27"]
[SourceVersion "1"]
[SourceVersionDate "2011.06.27"]
[SourceQuality "1"]

1. e4 e5 2. Nf3 Nc6 3. d4 exd4 4. Nxd4 Nf6 5. Nxc6 bxc6 6. e5 Qe7 7. Qe2 Nd5 8. c4 Ba6 9. b3 g6 10. f4 Qb4+ 11. Bd2 Qb6 12. Qe4 Nb4 13. Kd1 Bb7 14. Nc3 c5 15. Nd5 Nxd5 16. cxd5 0-0-0 17. Bc4 Bg7 18. Qe1 g5 19. g3 Qg6 20. Rf1 Rhe8 21. Qf2 d6 22. Rc1 dxe5 23. Qxc5 Bf8 24. Qxa7 gxf4 25. gxf4 exf4 26. Qa5 Qh5+ 27. Kc2 Qf5+ 28. Kb2 Bg7+ 29. Ka3 Bf8+ 30. Ka4 Bd6 31. Ba6 Qd7+ 32. Bb5 Re4+ 33. Rc4 Rxc4+ 34. bxc4 Qf5 35. Qc3 Be5 36. Qc1 Rd6 37. Bb4 Rh6 38. Rf2 Qf6 39. Qd2 Qb6 40. Rf3 Qa7+ 41. Kb3 Qg1 42. Rf2 Qb1+ 43. Ka4 Qf5 44. c5 c6 45. Bd3 Qd7 46. d6 Kb8 47. Ba5 Rh4 48. Bc7+ Kc8 49. Rf3 Qe6 50. Qc2 Rh5 51. Bc4 Qf5 52. Bd3 Qe6 53. Bc4 Qf5 54. Qb3 Qe4 55. Qb4 Qxf3 56. Bxf7 Rh6 57. Qc4 Qd1+ 58. Ka5 Qd2+ 59. Kb6 Qb2+ 60. Ka7 Qa3+ 61. Kb6 Qa6+ 62. Qxa6 Bxa6 63. Kxa6 Kd7 64. Kb7 Rxh2 65. a4 Rb2+ 66. Bb6 Bd4 67. Be8+ Kxe8 68. Kc7 Bf6 69. d7+ Kf7 70. Kxc6 f3 71. Kb7 f2 72. c6 f1Q 73. c7 Qf3+ 74. Ka7 Qg4 75. c8Q Qxa4+ 76. Kb7 Qe4+ 77. Ka6 Ra2+ 0-1

[Event "FAI-ch"]
[White "Nolsoe, Eydun"]
[Black "Rodgaard, John"]
[Site "Vestmanna"]
[Round "3"]
[Result "1/2-1/2"]
[Date "2011.04.18"]
[WhiteElo "2206"]
[BlackElo "2352"]
[PlyCount "62"]
[EventDate "2011.04.16"]
[EventType "tourn"]
[EventRounds "9"]
[EventCountry "FAI"]
[SourceTitle "CBM 142 Extra"]
[Source "ChessBase"]
[SourceDate "2011.06.27"]
[SourceVersion "1"]
[SourceVersionDate "2011.06.27"]
[SourceQuality "1"]

1. e4 e6 2. d4 d5 3. Nd2 Nf6 4. e5 Nfd7 5. Bd3 c5 6. c3 Nc6 7. Ne2 cxd4 8. cxd4 f6 9. exf6 Nxf6 10. Nf3 Bd6 11. 0-0 Qb6 12. a3 0-0 13. b4 Bd7 14. Bg5 a6 15. Rc1 Rac8 16. Bh4 Nh5 17. Bg3 Nxg3 18. hxg3 g6 19. Qd2 Rf6 20. Qh6 Bf8 21. Qe3 Bg7 22. Rc5 Rcf8 23. Ne5 Nxe5 24. dxe5 R6f7 25. Nd4 Re8 26. Rfc1 Ba4 27. Be2 Bf8 28. Bg4 Bxc5 29. bxc5 Qb2 30. Bxe6 Rxe6 31. Nxe6 Rxf2 1/2-1/2

[Event "FAI-chT 0809"]
[White "Nolsoe, Eydun"]
[Black "Ziska, Helgi Dam"]
[Site "Faroe Islands"]
[Round "9.2"]
[Result "0-1"]
[Date "2009.03.15"]
[WhiteElo "2194"]
[BlackElo "2420"]
[PlyCount "74"]
[EventDate "2008.09.28"]
[EventType "team-tourn"]
[EventRounds "10"]
[EventCountry "FAI"]
[SourceTitle "EXT 2011"]
[Source "ChessBase"]
[SourceDate "2010.11.26"]
[SourceVersion "1"]
[SourceVersionDate "2010.11.26"]
[SourceQuality "1"]

1. e4 c5 2. Nf3 d6 3. d4 cxd4 4. Nxd4 Nf6 5. Nc3 a6 6. Be3 e6 7. f3 b5 8. Qd2 Nbd7 9. 0-0-0 Bb7 10. g4 Nb6 11. g5 Nfd7 12. Bd3 Rc8 13. Kb1 Ne5 14. f4 Nec4 15. Qf2 Nxe3 16. Qxe3 Rxc3 17. bxc3 Qc7 18. Rhg1 d5 19. Rg3 Bc5 20. e5 Na4 21. Bf1 0-0 22. Rh3 Rc8 23. Qd3 g6 24. Ne2 Be7 25. Bg2 a5 26. Qg3 b4 27. Rd3 Ba6 28. Rxh7 bxc3 29. Qh3 Qb6+ 30. Kc1 Ba3+ 31. Kd1 Qb1+ 32. Nc1 Qxc1+ 33. Ke2 Bxd3+ 34. Kf2 Bc5+ 35. Kg3 Qe1+ 36. Kg4 Bf5+ 37. Kf3 Qf2# 0-1

[Event "FAI-ch"]
[White "Andreasen, Andreas"]
[Black "Nolsoe, Eydun"]
[Site "Oyrabakki"]
[Round "1"]
[Result "0-1"]
[Date "2005.03.18"]
[WhiteElo "1974"]
[BlackElo "2217"]
[PlyCount "80"]
[EventDate "2005.03.18"]
[EventType "swiss"]
[EventRounds "9"]
[EventCountry "FAI"]
[SourceTitle "CBM 105 Extra"]
[Source "ChessBase"]
[SourceDate "2005.05.01"]
[SourceVersion "1"]
[SourceVersionDate "2005.05.01"]
[SourceQuality "1"]

1. d4 Nf6 2. Nf3 e6 3. Bg5 d5 4. e3 Be7 5. Nbd2 0-0 6. Be2 Nbd7 7. 0-0 h6 8. Bxf6 Nxf6 9. Ne5 c5 10. c3 Bd6 11. f4 b6 12. Rc1 Bb7 13. Bd3 Ne4 14. Nxe4 dxe4 15. Bb5 Qc7 16. Qe2 a6 17. Ba4 b5 18. Bc2 f5 19. Bb3 c4 20. Bc2 Bd5 21. a3 a5 22. Ra1 Rab8 23. Rfc1 Rb7 24. Kf2 Kh7 25. h3 Qd8 26. Qh5 Qf6 27. g3 g6 28. Qe2 Rg8 29. Rg1 g5 30. Qh5 Rbg7 31. Raf1 Qe7 32. Bd1 Bxe5 33. dxe5 Qa7 34. Qe2 Qe7 35. Qh5 Bc6 36. Qe2 gxf4 37. exf4 Qc5+ 38. Ke1 Rxg3 39. Rxg3 Rxg3 40. Kd2 Rg2 0-1

[Event "Olympiad-36"]
[White "Marcelle, Joffrey"]
[Black "Nolsoe, Eydun"]
[Site "Mallorca"]
[Round "11"]
[Result "0-1"]
[Date "2004.10.26"]
[WhiteElo "1990"]
[BlackElo "2227"]
[PlyCount "72"]
[EventDate "2004.10.15"]
[EventType "team-swiss"]
[EventRounds "14"]
[EventCountry "ESP"]
[SourceTitle "CBM 104"]
[Source "ChessBase"]
[SourceDate "2005.01.27"]
[SourceVersion "1"]
[SourceVersionDate "2005.01.27"]
[SourceQuality "1"]
[WhiteTeam "Trinidad and Tobago"]
[BlackTeam "Faroe Islands"]
[WhiteTeamCountry "TRI"]
[BlackTeamCountry "FAI"]

1. d4 Nf6 2. c4 e6 3. Nc3 Bb4 4. Qb3 c5 5. dxc5 Bxc5 6. Nf3 0-0 7. Bg5 Be7 8. e3 d6 9. Be2 Nbd7 10. 0-0 a6 11. Qc2 Qc7 12. Rac1 b6 13. b4 Bb7 14. Rfd1 Rac8 15. Qb2 Rfd8 16. h3 Nf8 17. Nd4 Ng6 18. Bf3 Ne5 19. c5 Nxf3+ 20. gxf3 bxc5 21. bxc5 dxc5 22. Na4 Qb8 23. Bf4 Qa7 24. Nb6 cxd4 25. Nxc8 Rxc8 26. Rxc8+ Bxc8 27. Rxd4 Nd5 28. Rc4 Bb7 29. Be5 Bf8 30. Bd4 Qa8 31. e4 Nf4 32. Be3 Ng6 33. Rc7 Bc6 34. Qb6 Bb5 35. Bc5 Qd8 36. Bxf8 Qg5+ 0-1

[Event "Olympiad-36"]
[White "Cubas Pons, Juan Miguel"]
[Black "Nolsoe, Eydun"]
[Site "Mallorca"]
[Round "8"]
[Result "1-0"]
[Date "2004.10.23"]
[WhiteElo "2260"]
[BlackElo "2227"]
[PlyCount "55"]
[EventDate "2004.10.15"]
[EventType "team-swiss"]
[EventRounds "14"]
[EventCountry "ESP"]
[SourceTitle "CBM 104"]
[Source "ChessBase"]
[SourceDate "2005.01.27"]
[SourceVersion "1"]
[SourceVersionDate "2005.01.27"]
[SourceQuality "1"]
[WhiteTeam "Spain III"]
[BlackTeam "Faroe Islands"]
[WhiteTeamCountry "ESP"]
[BlackTeamCountry "FAI"]

1. e4 c5 2. Nf3 d6 3. d4 cxd4 4. Qxd4 Nc6 5. Bb5 Bd7 6. Bxc6 Bxc6 7. Nc3 Nf6 8. Bg5 e6 9. 0-0-0 Be7 10. Qd3 Qa5 11. h4 a6 12. Nd4 Rc8 13. Kb1 b5 14. Nxc6 Rxc6 15. e5 dxe5 16. Bxf6 Rd6 17. Qf3 Rxd1+ 18. Rxd1 gxf6 19. Qc6+ Kf8 20. Rd3 h5 21. a3 f5 22. Qa8+ Kg7 23. Rg3+ Kh7 24. Qf3 Kh6 25. Qe3+ Kh7 26. Qe2 Kh6 27. Qxe5 f6 28. Qe3+ 1-0

[Event "Politiken Cup 26th"]
[White "Bjornsson, Sigurbjorn"]
[Black "Nolsoe, Eydun"]
[Site "Copenhagen"]
[Round "5"]
[Result "1/2-1/2"]
[Date "2004.07.27"]
[WhiteElo "2315"]
[BlackElo "2212"]
[PlyCount "135"]
[EventDate "2004.07.24"]
[EventType "swiss"]
[EventRounds "10"]
[EventCountry "DEN"]
[SourceTitle "CBM 101 Extra"]
[Source "ChessBase"]
[SourceDate "2004.09.01"]
[SourceVersion "2"]
[SourceVersionDate "2004.09.01"]
[SourceQuality "1"]

1. e4 c5 2. Nf3 e6 3. d4 cxd4 4. Nxd4 a6 5. c4 Nf6 6. Nc3 Qc7 7. a3 b6 8. Be3 Bb7 9. f3 Be7 10. Rc1 0-0 11. Be2 Re8 12. Qd2 d6 13. 0-0 Nbd7 14. Kh1 Rac8 15. b4 Qb8 16. Rc2 Bf8 17. Rb1 Ne5 18. Na4 Nxe4 19. fxe4 Bxe4 20. b5 Bxc2 21. Nxc2 axb5 22. cxb5 Nd7 23. Nb4 Qa7 24. Bd1 Nc5 25. Bxc5 dxc5 26. Nc6 Qc7 27. Bc2 e5 28. Qd5 Re6 29. Qe4 g6 30. Bb3 Rxc6 31. bxc6 b5 32. Nc3 c4 33. Nxb5 Qxc6 34. Qxc6 Rxc6 35. Rc1 c3 36. Rf1 c2 37. Rc1 Bxa3 38. Nxa3 Rc3 39. Bxf7+ Kxf7 40. Nxc2 Kg7 41. Kg1 e4 42. Kf2 e3+ 43. Kf3 h5 44. h3 Kh6 45. Ke2 h4 46. Kf3 Kg5 47. g4 Kf6 48. g5+ Kg7 49. Ke4 e2 50. Kf4 Rxc2 51. Re1 Kf7 52. Kg4 Ke6 53. Kxh4 Kf5 54. Kg3 Kxg5 55. Rg1 Kf5 56. Kf2 g5 57. Rg3 Ra2 58. Re3 e1Q+ 59. Kxe1 Kf4 60. Rb3 Rg2 61. Kf1 Rg3 62. Rb4+ Kf5 63. h4 g4 64. h5 Rh3 65. Kg2 Kg5 66. Rb5+ Kh6 67. Ra5 Rxh5 68. Rxh5+ 1/2-1/2

[Event "Helsinge op"]
[White "Bank, Pelle Rodkjaer"]
[Black "Nolsoe, Eydun"]
[Site "Helsinge"]
[Round "2"]
[Result "1-0"]
[Date "2003.11.16"]
[WhiteElo "2249"]
[BlackElo "2227"]
[PlyCount "73"]
[EventDate "2003.11.15"]
[EventType "swiss"]
[EventRounds "2"]
[EventCountry "DEN"]
[SourceTitle "EXT 2008"]
[Source "ChessBase"]
[SourceDate "2007.11.25"]
[SourceVersion "1"]
[SourceVersionDate "2007.11.25"]
[SourceQuality "1"]

1. d4 Nf6 2. Bg5 d5 3. Bxf6 exf6 4. e3 Be6 5. c3 c6 6. Bd3 f5 7. Qc2 g6 8. Ne2 Bd6 9. Nd2 Nd7 10. 0-0-0 Qc7 11. Kb1 b5 12. f3 Nb6 13. e4 fxe4 14. fxe4 Nc4 15. Rde1 0-0 16. e5 Be7 17. Nf4 Qd7 18. h4 Bf5 19. Nxc4 Bxd3 20. Qxd3 bxc4 21. Qf3 Qf5+ 22. Ka1 h5 23. g3 a5 24. Rhf1 a4 25. a3 Kg7 26. Qd1 Qg4 27. Qc2 Rfb8 28. Ng2 Rb3 29. Ne3 Qe6 30. Qc1 Rab8 31. Re2 c5 32. dxc5 Qxe5 33. Nf5+ Qxf5 34. Rxf5 gxf5 35. Rxe7 d4 36. Qg5+ Kf8 37. Qf6 1-0

[Event "Troll Masters"]
[White "Westerinen, Heikki MJ"]
[Black "Nolsoe, Eydun"]
[Site "Gausdal"]
[Round "6"]
[Result "1-0"]
[Date "2003.01.11"]
[WhiteElo "2374"]
[BlackElo "2236"]
[PlyCount "55"]
[EventDate "2003.01.07"]
[EventType "swiss"]
[EventRounds "10"]
[EventCountry "NOR"]
[SourceTitle "CBM 092 Extra"]
[Source "ChessBase"]
[SourceDate "2003.03.07"]
[SourceVersion "1"]
[SourceVersionDate "2003.03.07"]
[SourceQuality "1"]

1. e4 c5 2. Nf3 d6 3. c3 Nf6 4. h3 Nbd7 5. Bd3 g6 6. 0-0 Bg7 7. Bc2 0-0 8. d4 cxd4 9. cxd4 b6 10. Nc3 Bb7 11. Re1 Rc8 12. Bg5 Qc7 13. Rc1 Qb8 14. Qd2 e5 15. Rcd1 a6 16. Bb3 Rfe8 17. Bh6 Bh8 18. dxe5 dxe5 19. Qxd7 Nxd7 20. Rxd7 Rf8 21. Ng5 Bg7 22. Nxf7 Bxh6 23. Ng5+ Rf7 24. Rxf7 Qa8 25. Rxb7+ Kf8 26. Nxh7+ Ke8 27. Nf6+ Kf8 28. Rf7# 1-0

[Event "Troll Masters"]
[White "Nolsoe, Eydun"]
[Black "Johansen, Kai Roger"]
[Site "Gausdal"]
[Round "5"]
[Result "1-0"]
[Date "2003.01.10"]
[WhiteElo "2236"]
[BlackElo "2084"]
[PlyCount "61"]
[EventDate "2003.01.07"]
[EventType "swiss"]
[EventRounds "10"]
[EventCountry "NOR"]
[SourceTitle "CBM 092 Extra"]
[Source "ChessBase"]
[SourceDate "2003.03.07"]
[SourceVersion "1"]
[SourceVersionDate "2003.03.07"]
[SourceQuality "1"]

1. e4 c5 2. Nf3 d6 3. d4 cxd4 4. Nxd4 Nf6 5. Nc3 a6 6. Bc4 e6 7. Bb3 Be7 8. f4 Qc7 9. f5 exf5 10. Nxf5 Bxf5 11. exf5 0-0 12. 0-0 Nc6 13. Be3 Ne5 14. Bd4 Rfe8 15. Rf4 Rad8 16. g4 h6 17. h4 d5 18. g5 Nc4 19. Rf3 hxg5 20. hxg5 Ne4 21. g6 Bf6 22. Bxf6 Nxf6 23. Qd4 b5 24. Rh3 Qe5 25. Qh4 Kf8 26. Qh8+ Ng8 27. Rf1 Rd6 28. Rh7 d4 29. Ne4 Rc6 30. f6 Qxe4 31. Qxg7# 1-0

[Event "Troll Masters"]
[White "Hanley, Craig"]
[Black "Nolsoe, Eydun"]
[Site "Gausdal"]
[Round "2"]
[Result "1-0"]
[Date "2003.01.08"]
[WhiteElo "2359"]
[BlackElo "2236"]
[PlyCount "157"]
[EventDate "2003.01.07"]
[EventType "swiss"]
[EventRounds "10"]
[EventCountry "NOR"]
[SourceTitle "CBM 092 Extra"]
[Source "ChessBase"]
[SourceDate "2003.03.07"]
[SourceVersion "1"]
[SourceVersionDate "2003.03.07"]
[SourceQuality "1"]

1. e4 e5 2. Nf3 Nc6 3. Bb5 a6 4. Ba4 Nf6 5. 0-0 Be7 6. Re1 b5 7. Bb3 d6 8. c3 0-0 9. d4 Bg4 10. d5 Nb8 11. h3 Bh5 12. Nbd2 c5 13. dxc6 Nxc6 14. Nf1 Qc7 15. Ne3 Bg6 16. Nd5 Nxd5 17. Bxd5 Rab8 18. Qe2 a5 19. Be3 a4 20. b3 Rfc8 21. Rec1 Qa5 22. Nd2 h6 23. Qg4 Kf8 24. b4 Qd8 25. a3 Bg5 26. Nf1 Bxe3 27. Nxe3 Ne7 28. c4 Nxd5 29. cxd5 h5 30. Qf3 Rxc1+ 31. Rxc1 Rc8 32. Rxc8 Qxc8 33. Qe2 Qd7 34. Qc2 f6 35. f3 Be8 36. g4 Qa7 37. Qc3 hxg4 38. hxg4 Bd7 39. Kg2 Qb7 40. Nf5 Qb8 41. Qc1 Kf7 42. Qh1 Bxf5 43. gxf5 Qc8 44. Qf1 Qb8 45. Qc1 Kg8 46. Qc6 Kh7 47. Qa6 Kh6 48. Kg3 Kh7 49. Kg4 Kh6 50. f4 Kh7 51. fxe5 fxe5 52. f6 Qd8 53. Qxb5 Qxf6 54. Qe2 Qf4+ 55. Kh3 Qc1 56. Qf3 Qb1 57. Kg4 Qb3 58. Qh1+ Kg8 59. Qc1 Kh7 60. Qg5 Qxa3 61. Qf5+ g6 62. Qf7+ Kh6 63. Qf6 Kh7 64. Qf7+ Kh6 65. Qg8 g5 66. Qxg5+ Kh7 67. Qe7+ Kh8 68. Qxd6 Qa1 69. Qf6+ Kh7 70. d6 a3 71. Qf7+ Kh6 72. d7 Qg1+ 73. Kf5 Qg5+ 74. Ke6 a2 75. Qf8+ Kh5 76. d8Q Qxd8 77. Qxd8 a1Q 78. b5 Qa2+ 79. Qd5 1-0